| 000 | 00670nam a2200205 a 4500 | ||
|---|---|---|---|
| 003 | OSt | ||
| 005 | 20141111181250.0 | ||
| 008 | 140918s2014 spc|||| |||| 0|0 0 spa d | ||
| 017 |
_aDL B 15923-2014 _bBiblioteca de Catalunya |
||
| 020 | _a9788498017847 (cart.) | ||
| 040 | _cCDMR | ||
| 100 | 1 | _aGarcia Vilanova, Ricardo | |
| 245 | 1 | 0 |
_aLibya closeup _cRicardo Garcia Vilanova ; prólogo: Jon Lee Anderson ; texto: Félix Flores |
| 260 |
_aBarcelona _bArt Blume _ccop. 2012 |
||
| 300 |
_a161 p. _btot il. col. _c23 x 28 cm |
||
| 546 | _aText en castellà i anglès | ||
| 651 | 7 |
_aLíbia _xLlibres de làmines _2lemac |
|
| 700 | 1 |
_aFlores, Félix, _d1963- |
|
| 942 | _cMON | ||
| 999 |
_c6763 _d6763 |
||